000 00281nam a22001217a 4500
008 180104b xxu||||| |||| 00| 0 eng d
041 _aeng
080 _a32
100 _a19
101 _aPOL
245 _aECONOMIC ANALYSIS FOR LOCAL GOVERNMENT
_cGALAMBOS,E.C
942 _2udc
_cBK
999 _c39732
_d39732